000 01155cam a2200289 4500
008 090401t2002 xxu||||| |||| 00| 0 eng d
020 _a0632038969
035 _a(Sirsi) u97086
041 _aeng
050 _a346.41032
100 _aCornes, D.
245 _aWinward Fearon on collateral warranties
250 _a2nd ed.
260 _aOxford
_bBlackwell Scientific
_c2002
300 _ax,338p.
_c26cm.
350 _a55.00
520 _aAims to explain the law relating to collateral warranties, the developments in the law of privity of contract and the issues that arise in drafting and considering collateral warranties and third party rights. Covers an important House of Lords' decision and other recent case law, and includes substantial new information on the problems of assignment.
650 _aBUILT ENVIRONMENT-BUILDING CONTRACT FORMS
650 _aBUILT ENVIRONMENT-BUILDING CONTRACT FORMS-CONSTRUCTION COLLATERAL WARRANTY FORMS
650 _aENGLAND
650 _aWALES
650 _aCONTRACT LAW
690 _aBUILT ENVIRONMENT-BUILDING CONTRACT FORMS
700 _aWinward, R.
942 _n0
948 _c04/03/1997
999 _c98776
_d98776